000 00485 a2200181 4500
999 _c41333
_d41333
003 OSt
005 20210623110932.0
008 210623b ||||| |||| 00| 0 eng d
020 _a9789388902724
040 _coclc
082 _a612
_bCHA/H
100 _98605
_aChatterjee C C
245 _aHuman Physiology Vol 2
250 _a13th ed.
260 _aNew Delhi:
_bCBS Publishers,
_c2020.
300 _a1150 pages
942 _2ddc
_cBK
_h612
_iCHA/H
_k612
_mCHA/H